Lokalizácia maloobchodných jednotiek na vybranom území (Trebišov) bakalárska práca

Enregistré dans:
Détails bibliographiques
Auteur principal: Vincejová, Radka
Collectivité auteur: Podnikovohospodárska fakulta EU so sídlom v Košiciach. Katedra marketingu a obchodu
Autres auteurs: Lieskovská, Vanda, 1961-
Format: Livre
Langue:slovaque
Publié: Košice 2013
Tags: Ajouter un tag
Pas de tags, Soyez le premier à ajouter un tag!

MARC

LEADER 00000nbm a2200000 4500
001 0172271
005 20161109112040.2
041 0 |a slo 
044 |a SK 
245 1 0 |a Lokalizácia maloobchodných jednotiek na vybranom území (Trebišov)  |b bakalárska práca  |c Radka Vincejová ; školiteľ: Vanda Lieskovská 
264 1 |a Košice  |c 2013 
300 |a 41 s. 
100 1 |a Vincejová, Radka 
700 1 |a Lieskovská, Vanda, 1961- 
710 2 |a Podnikovohospodárska fakulta EU so sídlom v Košiciach. Katedra marketingu a obchodu